00433nam a2200121Ia 4500008004100000245012000041260004500161260000900206300000800215500001300223650001300236856006200249170516s9999 xx 000 0 und d aPharmacokinetics of oxiracetam and its degraded substance (HOPAA) after oral and intravenous administration in rats bAsian Journal of Pharmaceutical Sciences c2014 a9:6 aDecember xPharmacy uhttp://www.sciencedirect.com/science/journal/18180876/9/6